La Descentralización en Nicaragua: diagnóstico del proceso: resumen ejecutivo /
Sparad:
| Institutionella upphovsmän: | , |
|---|---|
| Materialtyp: | Text |
| Publicerad: |
Managua:
Centro de Investigaciones de la Comunicación
|
| Ämnen: | |
| Taggar: |
Lägg till en tagg
Inga taggar, Lägg till första taggen!
|
MARC
| LEADER | 00000 a a2200000 04500 | ||
|---|---|---|---|
| 001 | 31284 | ||
| 003 | |||
| 040 | |a CRAI/IIS |c CRAI/IIS | ||
| 090 | |a 197200 | ||
| 110 | |a Cooperación Suiza al Desarrollo | ||
| 245 | |a La Descentralización en Nicaragua: diagnóstico del proceso: resumen ejecutivo / |c Cooperación Suiza al Desarrollo | ||
| 260 | |a Managua: |b Centro de Investigaciones de la Comunicación | ||
| 300 | |a 40 p. | ||
| 500 | |a Ver además Borrador para discusión 197201 mfn34102 | ||
| 650 | |a DESCENTRALIZACION | ||
| 650 | |a DIAGNOSTICO | ||
| 650 | |a REFORMA SOCIAL | ||
| 650 | |a REFORMA ADMINISTRATIVA | ||
| 650 | |a DEMOCRATIZACION | ||
| 650 | |a PARTICIPACION SOCIAL | ||
| 650 | |a SOCIEDAD CIVIL | ||
| 650 | |a GRUPOS POPULARES | ||
| 650 | |a ORGANIZACIONES NO GUBERNAMENTALES | ||
| 650 | |a ESTABILIDAD POLITICA | ||
| 650 | |a GOBERNABILIDAD | ||
| 710 | |a COSUDE | ||
| 999 | |c 10634 |d 10634 | ||
